000 00776nas a2200253 4500
001 BR9803776
003 BR-BrBNA
005 20231205100839.0
007 ta
008 230509b bl.|||p| |||| 00| 00por d
040 _aBR-BrBNA
_bpor
_cBiblioteca Nacional de Agricultura
041 _a(En)
072 _aL73
100 1 _aPereira, M. de C.
100 1 _aKohek Junior, I.
245 1 _aThe efficacy of injectable ivermectin for the control of sarcoptic mange in pigs
650 _aSUÍNO
650 _aSarna
650 _aTratamento
650 _aControle Quimico
773 0 _tRevista Brasileira de Parasitologia Veterinaria (Brazil)
_xISSN 0103-846X
_g(Feb 1998), v. 7(1) p. 53-56
_wBR9803776
909 _a202311
_bLúcia
_c55
_dLúcia Elande
942 _2AGRIS
_n0
_cANA
999 _c158412
_d158412